| 000 | 00531nam a22001697a 4500 | ||
|---|---|---|---|
| 003 | OSt | ||
| 008 | 260428b |||||||| |||| 00| 0 eng d | ||
| 082 |
_a634.44 _bJ46E |
||
| 100 | _aJha, Umesh Narayan | ||
| 245 | _aEffect of Period of Defoliation Age of Root-Stock and Scion on The Success of Epicotyl Grafting in Mango (Mangifera Indica L.) CV. Dashehari | ||
| 260 |
_aPusa, Samastipur _bRAU _c1999 |
||
| 300 | _a66P. | ||
| 502 |
_bMsc. _d1999 |
||
| 650 | _aFruit & Fruit Technology | ||
| 650 | _aHorticulture | ||
| 942 |
_2ddc _cT |
||
| 999 |
_c50242 _d50242 |
||